[Event "NED-ch55"]
[Site "Rotterdam"]
[Date "2000.05.13"]
[Round "6"]
[White "Piket, Jeroen"]
[Black "Van der Wiel, John"]
[Result "1-0"]
[WhiteElo "2633"]
[BlackElo "2558"]
[Annotator "Horn,Peter"]
[PlyCount "103"]
[EventDate "2000.05.07"]
[EventType "tourn"]
[EventRounds "11"]
[EventCountry "NED"]
[EventCategory "12"]
[SourceTitle "CBM 077"]
[Source "ChessBase"]
[SourceDate "2000.07.27"]
[SourceVersion "1"]
[SourceVersionDate "2000.07.27"]
[SourceQuality "1"]

1. Nf3 c5 2. g3 g6 3. Bg2 Bg7 4. O-O Nc6 5. d3 Nf6 6. e4 O-O 7. c3 b6 {Sehr selten gewählt.} ({Die Hauptfortsetzung ist} 7... d6 {womit Schwarz seine Optionen auf die Schablone b7-b5-b4 wahrt.}) ({RR} 7... d5 8. e5 Nd7 9. d4 cxd4 10. cxd4 Nb6 11. h3 Bf5 12. Nc3 Rc8 13. Nh4 Be6 14. f4 f5 15. Nf3 Bd7 16. Qe2 e6 17. g4 a6 18. gxf5 exf5 19. h4 h6 20. Be3 Be6 21. h5 gxh5 22. Bf2 {Nakamura,H (2784)-Morozevich,A (2760) Moscow 2013 1-0 (41)}) 8. Re1 (8. Ne1 e6 9. f4 d5 10. e5 Nd7 11. Nf3 a5 12. a4 f6 13. d4 cxd4 14. cxd4 fxe5 15. fxe5 Ba6 16. Rf2 Nb4 17. Be3 b5 18. axb5 Bxb5 19. Nc3 Bd3 20. Ne1 $14 {Enevoldsen,J-Van den Berg,C/Amsterdam 1961}) (8. Bg5 Bb7 9. Qd2 Qc7 10. Na3 Rad8 11. Rfe1 d5 12. e5 Ne4 $1 $132 {Norby,P-Holm Petersen,S/Holstebro 1964}) (8. Nbd2 Bb7 9. Re1 Qc7 10. h3 d5 11. Qe2 dxe4 12. dxe4 Nd7 13. Ng5 h6 14. Ngf3 a6 15. Nf1 b5 16. Bf4 e5 17. Be3 $14 {Williams,R-Dangremond,L/Detroit 1994}) ({In den wenigen mir bekannten Beispielen ließ Weiß sich nicht zu} 8. e5 {provozieren.}) 8... Bb7 9. Na3 $146 {Läßt dem Weißen mehr Möglichkeiten als bd2.} ({RR} 9. a4 d5 10. e5 Ne8 11. h4 Nc7 12. d4 Re8 13. h5 Bc8 14. Nh4 Be6 15. Be3 c4 16. f4 Qd7 17. Rf1 Bg4 18. Bf3 Bxf3 19. Qxf3 e6 20. Nd2 Ne7 21. g4 f5 22. Qh3 Kf7 23. Ndf3 Rh8 {Kuznesov,A (2287)-Ilenko,A (2004) Prokopevsk 2012 1-0 (70)}) ({RR} 9. Nbd2 Rc8 10. a3 Ne8 11. h4 e5 12. b4 Nc7 13. bxc5 bxc5 14. h5 d5 15. hxg6 hxg6 16. Qb3 Ba6 17. exd5 Qxd5 18. c4 Qd6 19. Ne4 Qe7 20. Be3 Ne6 21. Qa4 Bb7 22. Rab1 Ba8 23. Rb5 Ncd4 {Mortazavi,A (2333)-Maatman,N (2341) chess.com INT 2023 0-1 (60)}) ({RR} 9. Nbd2 Rc8 10. Qe2 Ba6 11. c4 b5 12. Rb1 Nb4 13. a3 Nc2 14. Rd1 Ng4 15. Nf1 bxc4 16. dxc4 Nxf2 17. Qxf2 Nd4 18. Nxd4 cxd4 19. b3 f5 20. Qe2 Qb6 21. Qd3 fxe4 22. Qxe4 Rf5 23. g4 Rf7 {Boukal,P (2206)-Bazantova,M (1963) Czech Republic 2014 1-0 (39)}) 9... d6 (9... d5 {war die Alternative.}) 10. h3 $146 {[%cal Yc1e3] Da Schwarz noch keinen direkten Feindkontakt sucht (mit Plänen wie d7-d5 und b7-b5), kann Weiß es auch gemächlich angehen.} (10. Nc2 e6 11. Nh4 e5 12. Bg5 h6 13. Bxf6 Bxf6 14. Nf3 Bg7 15. a4 Qd7 16. Ne3 Ne7 17. Qb3 Kh7 18. Nd2 f5 19. exf5 gxf5 20. Nd5 $14 {Cherniaev,A-Losev,D/St Petersburg 1994}) 10... Rc8 {Bei einer Öffnung der d-Linie (nach d3-d4) stünde der  hier richtig.} ({Gut gefällt mir auch} 10... Qc7 {, da dies mehr Druck auf das Zentrum ausübt.}) (10... a6 {war ebenfalls möglich.}) 11. Be3 (11. d4 cxd4 12. cxd4 d5 13. e5 Ne4 $11 {erreicht nicht viel.}) 11... Qd7 12. Qd2 Ne5 ({Nach} 12... Rfd8 {war nicht viel los.}) 13. Nxe5 (13. Nh2 c4 $132) 13... dxe5 {Angesichts des rückständigen d3 sieht die schwarze Stellung bequem aus.} 14. Nc4 Qe6 {Weiß muß sich jetzt mit Einschlägen auf e4 auseinandersetzen.} ({Ruhiger war} 14... Qc7 $11) 15. Qe2 Rfd8 16. a4 Ba6 (16... Rc7) 17. b3 Ne8 $6 {Eingelullt von der weißen Spielweise eröffnet hier Van der Wiel seinem Gegner zu viel Möglichkeiten.} 18. Kh2 $1 {[%cal Yh3h4,Yg2h3] Der g2 strebt nach h3 und die e6 steht unbequem.} Rc7 ({Nicht besser ist} 18... Nd6 19. h4) 19. h4 {Mit einem f6 wäre dies kaum gekommen.} Qd7 20. Red1 Nd6 21. h5 $36 Rc6 $2 22. h6 Bh8 23. b4 {Zeigt deutlich, daß Schwarz unglücklich manövriert hat: das Spiel gegen den c4 hat nur zu deplazierten Figuren geführt.} Nxc4 ({Auch} 23... cxb4 24. cxb4 Bb7 25. b5 {sieht äußerst unangenehm aus: es ist mit Niederschlägen auf b6 zu rechnen.}) 24. dxc4 Rd6 25. Rxd6 Qxd6 $2 ({Notwendig war das häßliche} 25... exd6 26. a5 $16) 26. a5 Bc8 ({Auch nach} 26... Bb7 27. axb6 axb6 28. bxc5 bxc5 29. Ra5 Rc8 {[%csl Rh8] ist der c5 auf die Dauer nicht zu halten: Weiß hat einfach eine Figur mehr zur Verfügung.}) (26... cxb4 $4 27. axb6 $18) 27. axb6 axb6 28. bxc5 bxc5 29. Ra5 Be6 30. Bxc5 $18 {[%csl Gc4,Rh8] Das Problem ist nicht allein der verlorene Bauer: auch bei dem Kampf um das Vorantreiben des c4 hat Schwarz das Handicap des Eckenstehers auf h8, der viel Zeit braucht, um wieder am Geschehen teilzunehmen.} Qc7 31. Qa2 Rc8 32. Qa3 Bf6 33. Ra8 {Der Tausch stärkt den Freibauern.} Bg5 34. Rxc8+ Bxc8 35. Qb4 Kf8 36. Bb6 Qb7 (36... Qc6 37. Qb5) 37. Qb5 Bxh6 38. Qxe5 Bg7 39. Qa5 Qc6 (39... Qd7 40. e5 {[%cal Yb6d4]}) 40. Bd4 Bxd4 41. Qd8+ Kg7 42. Qxd4+ f6 43. e5 Qc7 44. exf6+ exf6 45. c5 Kf7 46. c6 Ke7 47. Qc5+ Ke8 48. Qd5 Qg7 (48... Ke7 49. Qg8 Kd6 50. Qf8+ Ke6 51. c4 $18) 49. c4 Qf7 50. Qd6 Qxc4 51. c7 Be6 52. Bd5 1-0

[Event "Sarajevo Bosnia 30th"]
[Site "Sarajevo"]
[Date "2000.05.24"]
[Round "7"]
[White "Adams, Michael"]
[Black "Gurevich, Mikhail"]
[Result "1-0"]
[WhiteElo "2715"]
[BlackElo "2694"]
[PlyCount "81"]
[EventDate "2000.05.17"]
[EventType "tourn"]
[EventRounds "11"]
[EventCountry "BIH"]
[EventCategory "19"]
[SourceTitle "CBM 077"]
[Source "ChessBase"]
[SourceDate "2000.07.27"]
[SourceVersion "1"]
[SourceVersionDate "2000.07.27"]
[SourceQuality "1"]

1. e4 e6 2. d3 c5 3. Nf3 Nc6 4. g3 Nge7 5. Bg2 g6 6. h4 h6 7. O-O Bg7 8. c3 d5 9. Qe2 b6 10. e5 Qc7 11. Re1 Bb7 12. Na3 a6 13. Nc2 d4 $146 ({RR} 13... b5 14. Bf4 Nf5 15. d4 cxd4 16. cxd4 Qb6 17. Qd2 b4 18. b3 a5 19. Rad1 Na7 20. Ne3 Nxe3 21. fxe3 Nb5 22. Nh2 h5 23. Bg5 Rc8 24. Qf2 Nc3 25. Rd2 Ba6 26. Bf6 Bxf6 27. Qxf6 Rf8 28. Rf2 {Hobaica,J (2310)-Giardelli,S (2438) Mar del Plata 2001 0-1 (35)}) ({RR} 13... g5 14. hxg5 Ng6 15. gxh6 Bxh6 16. Bxh6 Rxh6 17. d4 O-O-O 18. dxc5 bxc5 19. Qe3 Rh5 20. Qxc5 Ncxe5 21. Qxc7+ Kxc7 22. Nxe5 Nxe5 23. Rad1 Rdh8 24. Nd4 Nc4 25. b3 Nd6 26. f3 Rg8 27. Kf2 Rhg5 28. Ne2 {Lobzhanidze,D (2440)-Dgebuadze,A (2510) Schwaebisch Gmuend 2000 1-0 (33)}) 14. cxd4 cxd4 15. Ncxd4 Nxd4 16. Nxd4 Rd8 17. Bxb7 Qxb7 18. Nf3 Rd7 19. Qe4 Qxe4 20. dxe4 Rd3 21. Be3 Nc6 22. Rad1 Rxd1 23. Rxd1 Nxe5 24. Nxe5 Bxe5 25. Bxb6 Bxb2 26. Be3 Bg7 27. Rd6 O-O 28. Rxa6 Rc8 29. a4 Rc4 30. a5 Bd4 31. Bxh6 Rc2 32. Ra8+ Kh7 33. Be3 Bxe3 34. fxe3 Re2 35. a6 Rxe3 36. Kf2 Ra3 37. e5 Ra2+ 38. Kf3 Ra3+ 39. Kg4 Ra4+ 40. Kh3 Kg7 41. a7 1-0

[Event "Lausanne YM 5'"]
[Site "Lausanne"]
[Date "2000.06.04"]
[Round "3.6"]
[White "Malakhov, Vladimir"]
[Black "Galkin, Alexander"]
[Result "1-0"]
[WhiteElo "2593"]
[BlackElo "2566"]
[PlyCount "66"]
[EventDate "2000.05.31"]
[EventType "k.o. (blitz)"]
[EventRounds "1"]
[EventCountry "SUI"]
[SourceTitle "CBM 078"]
[Source "ChessBase"]
[SourceDate "2000.10.18"]
[SourceVersion "1"]
[SourceVersionDate "2000.10.18"]
[SourceQuality "1"]

1. Nf3 d5 2. g3 g6 3. Bg2 Bg7 4. O-O Nf6 5. d3 O-O 6. Nbd2 Nc6 7. c3 a5 8. e4 e5 9. a4 Re8 10. Qc2 ({RR} 10. exd5 Nxd5 11. Re1 h6 12. Nc4 Bf5 13. Nh4 Be6 14. Nf3 Bf5 15. Nh4 Be6 16. Qc2 Qd7 17. Nf3 Bf5 18. Nh4 Bg4 19. Qb3 Be6 20. Nf3 Nb6 21. Qb5 Nxc4 22. dxc4 f5 23. Be3 e4 24. Rad1 Qe7 {Amin,B (2699)-Narayanan,S (2611) chess24.com INT 2020 0-1 (45)}) ({RR} 10. Re1 h6 11. Qc2 Be6 12. exd5 Bxd5 13. Ne4 Nxe4 14. dxe4 Bc4 15. Rd1 Qc8 16. b3 Be6 17. Be3 g5 18. Nd2 Ne7 19. b4 Ng6 20. Nb3 b6 21. bxa5 bxa5 22. Nc5 Bc4 23. Bf1 Bxf1 24. Rxf1 Bf8 {Oro,F (2423)-Shirov,A (2650) chess.com INT 2025 ½-½ (98)}) 10... h6 11. h3 $146 ({RR} 11. Re1 dxe4 12. dxe4 Be6 13. Nf1 Qb8 14. Ne3 Qa7 15. Bf1 Bf8 16. Bb5 Qc5 17. b3 Ng4 18. Nc4 Bd7 19. Ba3 Qa7 20. Bxf8 Kxf8 21. Bxc6 bxc6 22. h3 Nf6 23. Ncxe5 Bxh3 24. Qd2 Kg7 25. Qf4 Be6 {Languidey,S (2312)-Pires,M (2160) Barrinha 2013 1-0 (55)}) 11... Be6 12. Re1 Qd7 13. Kh2 Rad8 14. Bf1 Qc8 15. b3 Qa8 16. Bb2 Qa7 17. Re2 Kh7 18. Rae1 Nd7 19. exd5 Bxd5 20. d4 Qb8 21. dxe5 Ndxe5 22. Nxe5 Bxe5 23. Rxe5 Nxe5 24. c4 Bxc4 25. Bxe5 Bxf1 26. Nxf1 Qc8 27. Bb2 Rxe1 28. Qc3 f6 29. Qxe1 Qd7 30. Qxa5 b6 31. Qc3 Rf8 32. Ne3 Qf7 33. Ng4 Qg8 1-0

[Event "Ordzhonikidze zt 1.9"]
[Site "Ordzhonikidze"]
[Date "2000.06.17"]
[Round "9"]
[White "Romanishin, Oleg M"]
[Black "Lerner, Konstantin Z"]
[Result "1-0"]
[WhiteElo "2578"]
[BlackElo "2575"]
[Annotator "Horn,Peter"]
[PlyCount "178"]
[EventDate "2000.06.09"]
[EventType "swiss"]
[EventRounds "9"]
[EventCountry "UKR"]
[SourceTitle "CBM 078"]
[Source "ChessBase"]
[SourceDate "2000.10.18"]
[SourceVersion "1"]
[SourceVersionDate "2000.10.18"]
[SourceQuality "1"]

1. Nf3 c5 2. g3 Nc6 3. Bg2 g6 4. c3 e5 5. d4 cxd4 6. cxd4 e4 7. Ne5 d5 (7... f5 $5) 8. Nxc6 {Der Zug wurde auch schon gespielt; aber Romanishin interpretiert ihn auf eigene Weise.} (8. Qa4 Bg7 9. Nxc6 Qd7 10. Nc3 bxc6 11. b3 Ne7 (11... f5 12. Ba3 Nf6 13. e3 Kf7 14. Qa5 g5 15. Na4 f4 16. O-O-O Qd8 17. Qxd8 Rxd8 18. gxf4 gxf4 $132 {Tischbierek,R-Chekhov,V/Dresden 1985}) 12. Ba3 Nf5 (12... Bb7 13. e3 a5 14. Bxe7 Kxe7 15. Qa3+ Qd6 16. Qxd6+ Kxd6 17. Na4 Rhb8 $11 {Vogel,J-Welin,T/Copenhagen 1985}) (12... O-O 13. e3 f5 14. h4 Rf7 15. Qa5 Bf6 16. O-O-O Kg7 17. Na4 Ng8 18. Rd2 Nh6 19. Rc2 f4 20. gxf4 Qg4 21. Bf1 Qf3 22. Rh2 Qg4 23. Rh1 Qf3 24. Rh2 Qg4 25. Rh1 Qf3 {½-½ Kengis,E-Petrienko,V/Minsk 1986}) 13. e3 h5 14. h4 Bf8 15. Bh3 (15. Rc1 {Romanishin} Bxa3 16. Qxa3 Ne7 $14) 15... Bxa3 16. Qxa3 Qd6 17. Qxd6 Nxd6 18. Bf1 Bg4 19. Rc1 f6 $11 {Romanishin,O-Velimirovic,D/Sarajevo 1984}) (8. Nc3 Bg7 9. Qa4 (9. O-O Nge7 10. Nxc6 bxc6 11. Na4 O-O 12. b3 h5 13. e3 Qd6 14. Qc2 h4 15. Re1 hxg3 16. fxg3 Bg4 $132 {Lechtynsky,J-Mirumian,V/CZE 1999}) 9... Nge7 10. Bg5 f6 11. Nxc6 bxc6 12. Bf4 O-O 13. Rd1 g5 14. Bc1 Bd7 15. Qa3 Ng6 $132 {Vogel,J-Farago,S/Sas van Gent 1988}) 8... bxc6 9. Qc2 Bd7 10. Nd2 {Da liegt ein wesentlicher Unterschied: meist geht der b1 über c3 nach a4.} Bg7 11. Nb3 Ne7 12. Bd2 $146 ({RR} 12. Bf4 Nf5 13. O-O-O a5 14. Bh3 O-O 15. Bxf5 Bxf5 16. Qc3 Qb6 17. h3 a4 18. Nc5 Bc8 19. Rd2 Re8 20. e3 Ba6 21. Nxa6 Rxa6 22. Bd6 Qd8 23. Ba3 h5 24. h4 Bf8 25. Bxf8 Rxf8 26. Kb1 Qe7 {Benidze,D (2501)-Quparadze,G (2499) Tbilisi 2018 ½-½ (37)}) 12... O-O 13. e3 h5 (13... a5 {könnte sich später als Schwäche herausstellen.}) 14. Ba5 Qc8 15. O-O-O {Es gibt einige Partien mit dem Abtausch auf c6, wo Weiß kurz rochiert hatte (meist schon vorher). Dort zeigte es sich, daß Schwarz am Königsflügel eine unangenehme Initiative entfaltet. Auf dem Damenflügel ist der weiße  sicherer aufgehoben.} Re8 16. Kb1 Rb8 17. h4 Bg4 18. Rc1 Qf5 19. Bc7 Rbc8 20. Bd6 Qd7 21. Ba3 {Die Hin- und Herzieherei mit dem  macht deutlich, daß es dem Weißen schwer fällt, etwas Konkretes zu erreichen. Wohl hat er ein wunderschönes Vorpostenfeld auf c5, aber das Ziel c6 läßt sich bei der geschlossenen Stellung nur schwer in echte Gefahr bringen.} Nf5 22. Nc5 Qd8 23. Bf1 {Strebt nach a6; auf g2 hatte der  ein tristes Dasein.} Nd6 24. Qd2 Bf8 25. Bb4 Rb8 26. Na6 Rc8 27. Rc2 Re6 {Leuchtet ein: der  schützt den wunden Punkt (c6) von der Seite und kann bei Bedarf sogar gegen f2 eingesetzt werden.} 28. Ba5 Qe7 29. Nc5 Rf6 30. Ba6 Rb8 31. Rhc1 $14 Ne8 32. Bf1 {Weiß hat eine einbruchsichere Stellung und jede Menge Zeit, um alle Aufstellungen am Damenflügel durchzuprobieren.} Bc8 33. Nb3 Bd7 34. Qc3 Bg4 35. Nc5 Bc8 36. Qa3 Nc7 37. Be1 Nb5 (37... Ne6 $5 38. Bb4 {war eine andere Möglichkeit.}) 38. Qa5 Rb6 39. Ka1 Bh6 40. Qd2 g5 $2 {Übersieht die Drohung: das könnte Zeitnot bedeuten.} ({Schwarz mußte das Geduldsspiel mit} 40... Bg4 {fortsetzen, wonach der Ausgang der Partie völlig offen war.}) 41. Na4 Rb8 (41... Ra6 $4 42. Bxb5 $18) 42. Rxc6 Bd7 43. Rxf6 Qxf6 44. Nc5 Be8 45. hxg5 Bxg5 46. Nb3 Qf5 47. Qd1 h4 48. gxh4 Bxh4 49. f4 $1 {Damit zerstreut Romanishin die Hoffnungen auf Gegenspiel gegen f2.} Be7 50. Qe2 Rb6 51. Qh2 Rc6 52. Rxc6 Bxc6 53. Qg3+ Kf8 54. Qh3 Qxh3 55. Bxh3 Ke8 56. Kb1 Nd6 57. Bf1 Bb5 {Das bedeutet immerhin einen kleinen Erfolg: jetzt bekommt Weiß den schlechteren .} 58. Bxb5+ Nxb5 59. Nc1 Nd6 60. Kc2 Nf5 61. Bf2 {Das sieht momentan traurig aus, aber die Deckung kann der  übernehmen, wonach der  wieder lebendig wird.} Kd7 62. Ne2 Kc6 63. Nc3 Bb4 64. Nd1 {Einen Tausch b4 gegen c3 sollte Weiß tunlichst vermeiden.} Ba5 65. a3 Kb5 66. b3 Kc6 67. Nb2 Bd8 68. Na4 Be7 69. Kb2 Nh6 70. Nc3 Nf5 71. Nd1 Kb5 72. Be1 Kb6 73. a4 Kc6 74. Ba5 Bf6 75. Kc3 Bh4 76. Kd2 Be7 77. Nf2 Nh6 78. Ke2 Bh4 79. Nd1 Be7 80. b4 Ng4 81. b5+ Kb7 82. Be1 Kc7 83. Nc3 Kd6 84. a5 Bd8 85. Na4 Kc7 86. Bb4 a6 87. bxa6 Kb8 88. Nb6 Ka7 89. Nxd5 Kxa6 1-0

[Event "Herford op"]
[Site "Herford"]
[Date "2000.06.25"]
[Round "8"]
[White "Podzielny, Karl Heinz"]
[Black "Epishin, Vladimir"]
[Result "1-0"]
[WhiteElo "2506"]
[BlackElo "2667"]
[PlyCount "91"]
[EventDate "2000.06.24"]
[EventType "swiss (rapid)"]
[EventRounds "11"]
[EventCountry "GER"]
[SourceTitle "CBM 076 Extra"]
[Source "ChessBase"]
[SourceDate "2000.07.11"]
[SourceVersion "1"]
[SourceVersionDate "2000.07.11"]
[SourceQuality "1"]

1. Nf3 Nf6 2. g3 b5 3. Bg2 Bb7 4. O-O e6 5. a4 b4 6. d3 d5 ({RR} 6... a5 7. e4 Be7 8. Nbd2 O-O 9. Re1 d6 10. Nc4 Nbd7 11. b3 d5 12. exd5 Nxd5 13. Bb2 Bf6 14. Nfe5 Nxe5 15. Nxe5 c5 16. Qd2 Qc7 17. Rad1 Rad8 18. h3 h6 19. Ba1 Ne7 20. Bxb7 Qxb7 21. Qf4 {Santos Latasa,J (2576)-Vallejo Pons,F (2707) Leon 2018 ½-½ (48)}) 7. Nbd2 Nbd7 ({RR} 7... Be7 8. e4 c5 9. exd5 exd5 10. Nh4 O-O 11. Nf5 Re8 12. Nxe7+ Qxe7 13. Nb3 c4 14. Nd4 Nc6 15. Be3 Ne5 16. Re1 cxd3 17. Bf4 Nfd7 18. cxd3 Rac8 19. Bh3 Rcd8 20. Bxd7 {1-0 (20) Subelj,J (2514)-Koziorowicz,M (2304) Gandhinagar IND 2024}) ({RR} 7... Be7 8. e4 c5 9. exd5 exd5 10. d4 O-O 11. dxc5 Nbd7 12. c6 Bxc6 13. Nd4 Rc8 14. Nxc6 Rxc6 15. Nb3 Bc5 16. Bf4 Bb6 17. a5 Bc7 18. Nd4 Rc5 19. Be3 Rxa5 20. Nc6 Rxa1 21. Qxa1 Qa8 22. Nxb4 {Podzielny,K (2357)-Emunds,H (2179) Germany 2013 ½-½ (41)}) 8. a5 Rb8 9. b3 $146 ({RR} 9. Nb3 Bd6 10. Bd2 O-O 11. c3 bxc3 12. bxc3 c5 13. Qc2 Qc7 14. a6 Ba8 15. Rfb1 e5 16. Nh4 g6 17. c4 dxc4 18. dxc4 e4 19. Na5 Be5 20. Ra3 Rxb1+ 21. Qxb1 Qd6 22. Bh6 Rb8 23. Nb7 Ng4 {Van der Marel,B (2106)-De Jong,M (2345) Leiden 2019 0-1 (50)}) 9... g6 10. Bb2 Bg7 11. Re1 O-O 12. Qc1 Qe7 13. e4 dxe4 14. dxe4 Rfd8 15. e5 Nd5 16. Nc4 Ba6 17. Re4 Nc3 18. Bxc3 bxc3 19. Qe1 Rb4 20. Qxc3 Bxc4 21. bxc4 Rdb8 22. Rd1 Rb1 23. Ree1 Rxd1 24. Rxd1 c5 25. h4 h6 26. Qe3 Rd8 27. Qe4 Nf8 28. Rb1 Qc7 29. a6 Qa5 30. Qb7 Rd7 31. Qc8 Qa2 32. Rb8 Rd1+ 33. Kh2 Qxc4 34. Ra8 Qxc2 35. Rxa7 Ra1 36. Rc7 Ra2 37. Qe8 Qf5 38. a7 g5 39. a8=Q Rxa8 40. Qxa8 g4 41. Nd2 Qxe5 42. Rc8 f5 43. Qc6 Qe2 44. Nf1 Qxf2 45. Qxe6+ Kh7 46. Qf7 1-0